Myths and Symbols in Indian Art and Civilization (Record no. 9692)

MARC details
000 -LEADER
fixed length control field 00625nam a2200241 a 4500
020 ## - INTERNATIONAL STANDARD BOOK NUMBER
ISBN 0691017786
082 00 - DEWEY DECIMAL CLASSIFICATION NUMBER
Classification number 704.947
Author Cutter ZIM
100 ## - MAIN ENTRY--AUTHOR NAME
Author name Zimmer, Heinrich
245 ## - TITLE STATEMENT
Title Myths and Symbols in Indian Art and Civilization
260 ## - PUBLICATION, DISTRIBUTION, ETC. (IMPRINT)
Place of publication Princeton
Name of publisher Princeton University Press
Year of publication 1972
300 ## - PHYSICAL DESCRIPTION
Number of Pages 248p
500 ## - GENERAL NOTE
General note includes index and biblioraphy
650 ## - SUBJECT ADDED ENTRY--TOPICAL TERM
Topical Term Mythology-Art
650 ## - SUBJECT ADDED ENTRY--TOPICAL TERM
Topical Term Art-Hindu
942 ## - ADDED ENTRY ELEMENTS (KOHA)
Koha item type Books
700 1# -
-- Zimmer, Heinrich
Holdings
Collection code Home library Current library Date acquired Cost, normal purchase price Full call number Accession Number Koha item type
  Henry Martyn Institute Library Henry Martyn Institute Library 06/18/2007 100.00 704.947 ZIM 016739 Books
                   Copyright © 2026 | Henry Martyn Institute | Hyderabad | TS-500052 | INDIA | Implemented by hmi.edu.in
Hit-Count:

Powered by Koha